| 000 | 00000nam 2200000za 4500 |
| 001 | 9.801810 |
| 003 | CaOODSP |
| 005 | 20240228150754 |
| 007 | cr ||||||||||| |
| 008 | 150707s2015 xxca||||o f|0| 0 fre d |
| 020 | |a978-0-660-02803-3 |
| 040 | |aCaOODSP|bfre |
| 043 | |an-cn--- |
| 086 | 1 |aEm4-1/2015F-PDF |
| 245 | 00|aRéforme globale du Programme des travailleurs étrangers temporaires |h[ressource électronique] : |bles Canadiens d'abord. |
| 260 | |a[Ottawa] : |bEmploi et Développement social Canada,|cc2015. |
| 300 | |a43 p. : |bglossaire, tableaux. |
| 500 | |aPublié aussi en anglais sous le titre : Overhauling the Temporary Foreign Worker Program: putting Canadians first. |
| 691 | 07|aProgramme fédéral|2gcpds |
| 691 | 07|aTravailleur migrant|2gcpds |
| 710 | 1 |aCanada. |bEmploi et développement social Canada. |
| 775 | 08|tOverhauling the Temporary Foreign Worker Program |w(CaOODSP)9.801807 |
| 856 | 40|qPDF|s797 Ko|uhttps://publications.gc.ca/collections/collection_2015/edsc-esdc/Em4-1-2015-fra.pdf |
| 986 | |aWP-191-10-14F |